000 01021nam2a2200253 4500
001 RU\NLR\bibl\1844709
005 20250616173604.0
010 _a978-5-4224-0233-5
_bт. 8
021 _aRU
_b2011-92120
_96600
035 _a(NLR Aleph) 001835146
090 _a2194228
_c2194228
100 _a20111208d2011 |||y0rusy50 ca
101 1 _arus
_cfre
102 _aRU
105 _ay |||||||||
200 1 _aДамское счастье
_e[роман]
_f[пер. с фр. О. Лучицкой, К. Самойловой]
210 _d2011
_aБ. м.
215 _a445, [2] с.
461 0 _1001RU\NLR\bibl\1848344
_12001#$aСобрание сочинений$v[Т.] 8
_92242598
_aЗоля, Э. (1840-1902)
_cМосква
_d2011
_fЭмиль Золя
_nКнижный клуб Книговек
_o[перевод с французского] : в 16 т.
_tСобрание сочинений
_y9785422402250
_v[Т.] 8
801 0 _aRU
_bNLR
_c20111208
_gRCR
801 1 _aRU
_bNLR
_c20111208
942 _cBOOK
980 _aNB